| Поле | Инд. | ПП | Название | Значение |
|---|---|---|---|---|
| Тип записи | a | |||
| Библиографический уровень | b | |||
| 001 | Контрольный номер | 1ff53c2ea97f49c89d8a830fd01628ce | ||
| 005 | Дата корректировки | 20210828074250.3 | ||
| 040 | a | Служба первич. каталог. | РИНЦ | |
| 041 | 0_ | a | Код языка текста | rus |
| 084 | a | Индекс другой классификации/Индекс ББК | 26.3; 32.81; 32.972 | |
| 097 | a | Ануфриева Г.Ю. | ||
| 097 | a | Назина Л.Н. | ||
| 100 | 1_ | a | Автор | Черемисина Е. Н. |
| g | Прочие сведения | РИНЦ AuthorID: 119359 (http://elibrary.ru/author_profile.asp?id= 119359); Scopus Author ID: 6504569461 (https://www.scopus.com/authid/detail.uri?authorId=6504569461) | ||
| q | Полное имя | Черемисина Евгения Наумовна | ||
| c | Титул (звания) | профессор; доктор технических наук | ||
| i | 000089043 | |||
| k | Кафедра системного анализа и управления; Институт системного анализа и управления | |||
| u | Дополнение | Cheremisina Ye N. | ||
| 100 | 1_ | a | Автор | Суханов М. Г. |
| c | Титул (звания) | кандидат технических наук | ||
| i | 100093523 | |||
| k | Кафедра системного анализа и управления; Институт системного анализа и управления | |||
| q | Полное имя | Суханов Михаил Георгиевич | ||
| 245 | 10 | a | Заглавие | Методика и технология создания распределенной автоматизированной информационной системы обеспечения работ по геологическому изучению недр |
| 650 | 04 | a | Основная рубрика | науки о Земле; геология; радиоэлектроника; информатика; информационные технологии; программное обеспечение |
| 773 | 18 | t | Название источника | Разведка и охрана недр |
| b | Сведения об издании | Всероссийский научно-исследовательский институт минерального сырья им. Н.М. Федоровского | ||
| c | Москва | |||
| d | Место и дата издания | 2008 | ||
| m | Специф. данные | журнал из перечня ВАК | ||
| m | Специф. данные | ненулевой импакт-фактор | ||
| n | Примечание | http://elibrary.ru/contents.asp?issueid=524279 | ||
| g | Прочая информация | № 9. - С. 125 - 130 | ||
| w | Контрольный № источника | 0 | ||
| 856 | 40 | u | URL | http://elibrary.ru/item.asp?id=11567070 |
| 901 | t | Тип документа | b | |
| 952 | c | Вид литературы | статья в журнале |